Quiz énigme "anniversaire" #2 - Statistiques

Statistiques générales
  • Ce quiz a été pris 194 fois
  • Le résultat moyen est 29 sur 67
Statistiques - réponses
Catégories Questions Réponses % Correct
Langue dans laquelle il a été rédigé Français (2)
84%
Quiz sur des détectives fictifs Dans quelle ville vivent Holmes, Poirot et Layton? Londres (8)
82%
Personnages historiques mystérieux Auteur du cycle des Rougon-Macquart Emile Zola (1)
69%
Nommez un département français valide... ...dont le nom commence par "Y" Yvelines | Yonne (3)
65%
Drapeaux de pays avec un Rubik's Cube France (1)
64%
Pièces de monnaie européennes à pays Marianne (1c) France (0)
62%
...frontalier de la Belgique Nord | Aisne | Ardennes | Meuse | Meurthe-et-Moselle (3)
62%
Pays produisant le plus de saucisses Allemagne (0)
60%
De la Terre à la rue - Zoom progressif avec carte Pays produisant le plus d'huile d'olive Espagne (0)
60%
Miguel de Cervantes (20 c) Espagne (2)
60%
Couleur associée à Gandalf Gris/Blanc (2)
60%
Rébus Premier Ministre français Jean-Pierre Raffarin (4)
60%
Tennisman Roger Federer (2)
60%
Porte de Brandebourg (50c Allemagne (0)
59%
...dans l'Océan Indien Mayotte | La Réunion (3)
59%
Roi de France notamment célèbre pour sa victoire à Marignan François Ier (1)
58%
Président français François Mitterrand (3)
58%
Dante Alighieri (2€) Italie (1)
57%
Recettes géographiques Pays produisant le plus d'huile d'olive Espagne (1)
56%
Finlande (1)
56%
Harpe gaélique (10 c) Irlande (0)
56%
Ukraine (1)
54%
Pays produisant le plus de canard France (2)
53%
De quel instrument joue Sherlock Holmes? Violon (1)
53%
...ayant accueilli les Jeux Olympiques d'hiver Haute-Savoie | Isère | Savoie (3)
52%
Elfe Legolas (3)
51%
Conflit armé majeur du début du XXème siècle Première Guerre mondiale (1)
51%
Pays le plus proche de ce dernier dont le nom commence par "E" Ethiopie (5)
49%
Couleur des cheveux d'Aragorn Noir (1)
49%
Lettre mystère C
46%
Pays avec le plus de locuteurs de cette langue République Démocratique du Congo (2)
44%
Pierre précieuse verte extraite des mines du Gopal Emeraude (2)
43%
Lettre mystère I
43%
Première ville du Haut-Rhin par la population Mulhouse (1)
43%
Quiz par Pays Tintin Langue officielle du San Theodoros Espagnol (3)
42%
Lettre mystère E
41%
Lettre mystère O
41%
Lettre mystère R
41%
Lettre mystère M
40%
Lettre mystère E
39%
Pays produisant le plus de sucre Brésil (2)
38%
Colombie (1)
38%
Focus sur: Personnages - Tolkien Pays d'origine de Bilbon Sacquet Comté (1)
38%
Lettre mystère E
38%
Plus grande île nippone Honshu (1)
38%
Lettre mystère R
38%
Plus grand département français métropolitain Gironde (0)
37%
Ville Canet-en-Roussillon (6)
36%
Espèce de Smaug Dragon (3)
36%
Mer qui borde le Khemed Mer {Rouge} (3)
35%
Lettre mystère N
35%
Lettre mystère C
33%
...où peut être produit le Saint-Nectaire Cantal | Puy-de-Dôme (3)
33%
Ancien nom de Gollum Sméagol (2)
31%
Mot de passe Merci encore!
26%
Palaos (1)
26%
Du coq à l'âne Livre dans lequel apparaît Chanteclerc, un coq Le Roman de Renart (3)
25%
Pour quelle agence travaillent Lestrade, Japp et Grosky? Scotland Yard (2)
25%
Pays produisant le plus de cacao Côte d'Ivoire (0)
23%
Elément chimique radioactif de numéro atomique 84 Polonium (1)
20%
Animal dont ce pays possède le plus grand nombre Ane (1)
19%
Qui est le fidèle acolyte d'Hercule Poirot? Arthur Hastings (3)
19%
Plus longue rue piétonne du monde, à Bordeaux Rue Sainte-Catherine (2)
19%
Quelle discipline enseigne initialement Hershel Layton? Archéologie (4)
17%
Nom porté par quatre rois syldaves Ottokar (4)
16%
Péninsule sur laquelle la Bordurie se situe Balkans (2)
14%
Carrefour tokyoïte le plus fréquenté du monde Shibuya Crossing (0)
12%
Aucun quiz correspondant
Distribution des résultats
% des personnes avec chaque résultat
Percentile par nombre de réponses
Votre historique - résultats
Vous n’avez pas pris ce quiz